Vista normal
Vista MARC
- Argüelles, Juan Domingo,
Entrada Nombre Personal
Número de registros utilizados en: 14
001 - NUMERO DE CONTROL
- campo de control: 31417
003 - IDENTIFICADOR DE NUMERO DE CONTROL
- campo de control: UPN
005 - FECHA Y HORA DE LA ÜLTIMA TRANSACCIÓN
- campo de control: 20210219194423.0
008 - DATOS DE LONGITUD FIJA
- campo de control de longitud fija: nabaccnnaabn|||||||||| b |nc|||||d
035 ## - NUMERO DE CONTROL
- Número de control: UPN11000003523
040 ## - FUENTE DE CATALOGACIÓN
- Lenguaje de catalogación: SPA
- Agencia de transcripción: UPN
100 1# - ENCABEZAMIENTO - NOMBRE PERSONAL
- Nombre personal: Argüelles, Juan Domingo,
- Fechas asociadas con el nombre: 1958-
400 1# - VEÁSE - NOMBRE DE PERSONA
- Personal name: Domingo Argüelles, Juan,
- Dates associated with a name: 1958-
670 ## - FUENTE EN LA QUE SE LOCALIZARON DATOS
- Cita de la fuente: T
- Información localizada: Wikipedia
680 ## - NOTA PUBLICA DE ACCESO PÚBLICO
- Frase explicativa de la referencia: Poeta, ensayista, crítico literario, escritor y editor mexicano
902 ## - CATALOGADOR
- Catalogador: CAA/051011